000 00460nam a2200145 a 4500
001 000046247
005 20201002052733.0
008 150710s19uu dr 000 0 spa d
040 _aDO-SdBNP
_bspa
_cBNPHU
082 _axxxx
_bxxxx
245 0 0 _aAlianzas y negociaciones.
260 _a[s. l.] :
_bEscuela Nacional del Partido del Trabajo,
_c[s. f.].
300 _a38 p. ;
_c21 cm.
500 _aIncluye referencias bibliográficas y notas al pie de las páginas.
999 _c45736
_d45736